Statistics for F1 2022 grid

Click here to take the quiz!

General Stats

  • This quiz has been taken 39 times
  • The average score is 18 of 20

Answer Stats

TeamNumberCountryAnswer% Correct
Mercedes44UKLewis Hamilton
100%
Ferrari55SpainCarlos Sainz
96%
Ferrari16MonacoCharles Leclerc
96%
Red Bull1NetherlandsMax Verstappen
96%
Red Bull11MexicoSergio Perez
96%
Alfa Romeo77FinlandValtteri Bottas
96%
McLaren3AustraliaDaniel Ricciardo
93%
Alpine31FranceEsteban Ocon
93%
Alpine14SpainFernando Alonso
93%
Mercedes63UKGeorge Russell
89%
Aston Martin18CanadaLance Stroll
89%
McLaren4UKLando Norris
89%
Haas47GermanyMick Schumacher
89%
Haas9RussiaNikita Mazepin
89%
Alphatauri10FrancePierre Gasly
89%
Aston Martin5GermanySebastian Vettel
89%
Williams23ThailandAlex Albon
85%
Alfa Romeo24ChinaGuanyu Zhou
85%
Williams6CanadaNicholas Latifi
85%
Alphatauri22JapanYuki Tsunoda
85%

Score Distribution

Percentile by Number Answered

Percent of People with Each Score

Your Score History

You have not taken this quiz